Loading...
| Current Events | 1 | 10.00 | 100% | 0% | 0% |
| Fine Arts - Classical Music | 7 | 14.29 | 100% | 29% | 14% |
| Fine Arts - Other | 5 | 8.00 | 60% | 20% | 0% |
| Fine Arts - Painting and Sculpture | 3 | 10.00 | 67% | 33% | 0% |
| Geography | 2 | 15.00 | 50% | 100% | 0% |
| History - American | 8 | 18.75 | 100% | 88% | 0% |
| History - European | 5 | 18.00 | 100% | 60% | 20% |
| History - Other | 5 | 12.00 | 80% | 40% | 0% |
| History - World | 5 | 18.00 | 100% | 60% | 20% |
| Literature - American | 3 | 20.00 | 100% | 33% | 67% |
| Literature - British | 5 | 8.00 | 80% | 0% | 0% |
| Literature - European | 5 | 8.00 | 80% | 0% | 0% |
| Literature - World | 5 | 16.00 | 100% | 60% | 0% |
| Mythology | 4 | 7.50 | 50% | 0% | 25% |
| Philosophy | 4 | 15.00 | 100% | 50% | 0% |
| Pop Culture | 2 | 20.00 | 100% | 50% | 50% |
| Religion | 4 | 17.50 | 100% | 50% | 25% |
| Science - Biology | 3 | 10.00 | 67% | 33% | 0% |
| Science - Chemistry | 5 | 12.00 | 80% | 40% | 0% |
| Science - Other | 2 | 15.00 | 100% | 50% | 0% |
| Science - Physics | 4 | 5.00 | 50% | 0% | 0% |
| Social Science | 5 | 12.00 | 100% | 20% | 0% |